| 000 | 00736cam a22002531 4500 | ||
|---|---|---|---|
| 001 | 9503 | ||
| 003 | BD-RjUL | ||
| 005 | 20211208234805.0 | ||
| 008 | 140121s1964 enka b 000 0 eng | ||
| 035 | _a(BD-RjUL) | ||
| 040 |
_aDLC _cDLC _dDLC _dBD-RjUL _beng |
||
| 041 | _aeng | ||
| 082 | 0 | 0 |
_a541.22 _bLIE 1964 |
| 100 | 1 |
_aLinnett, J. W. _929437 |
|
| 245 | 1 | 4 |
_aThe electronic structure of molecules: _ba new approach / _cby J. W. Linnett. |
| 260 |
_aLondon, _aNew York : _bMethuen; _bWiley, _c[1964] |
||
| 300 |
_avii, 167 p. : _billus. ; _c23 cm. |
||
| 504 | _aBibliography: p. 161-162. | ||
| 650 | 0 |
_aElectrons. _927747 |
|
| 650 | 0 |
_aMolecular structure. _928116 |
|
| 942 |
_2ddc _cBK |
||
| 999 |
_c9503 _d9503 |
||